<?xml version="1.0" encoding="UTF-8"?><?xml-stylesheet type="text/xsl" href="static/style.xsl"?><OAI-PMH xmlns="http://www.openarchives.org/OAI/2.0/" xmlns:xsi="http://www.w3.org/2001/XMLSchema-instance" xsi:schemaLocation="http://www.openarchives.org/OAI/2.0/ http://www.openarchives.org/OAI/2.0/OAI-PMH.xsd"><responseDate>2026-06-03T01:32:37Z</responseDate><request verb="GetRecord" identifier="oai:riuma.uma.es:10630/8448" metadataPrefix="marc">https://riuma.uma.es/rest/oai/request</request><GetRecord><record><header><identifier>oai:riuma.uma.es:10630/8448</identifier><datestamp>2026-02-03T12:17:58Z</datestamp><setSpec>com_10630_2254</setSpec><setSpec>col_10630_37959</setSpec></header><metadata><record xmlns="http://www.loc.gov/MARC21/slim" xmlns:dcterms="http://purl.org/dc/terms/" xmlns:doc="http://www.lyncode.com/xoai" xmlns:xsi="http://www.w3.org/2001/XMLSchema-instance" xsi:schemaLocation="http://www.loc.gov/MARC21/slim http://www.loc.gov/standards/marcxml/schema/MARC21slim.xsd">
   <leader>00925njm 22002777a 4500</leader>
   <datafield ind2=" " ind1=" " tag="042">
      <subfield code="a">dc</subfield>
   </datafield>
   <datafield ind2=" " ind1=" " tag="720">
      <subfield code="a">Danciu, Daniela</subfield>
      <subfield code="e">author</subfield>
   </datafield>
   <datafield ind2=" " ind1=" " tag="260">
      <subfield code="c">2014-11-20</subfield>
   </datafield>
   <datafield ind2=" " ind1=" " tag="520">
      <subfield code="a">The Recurrent Neural Networks (RNNs) represent an important class of bio-inspired learning machines belonging to the field of Artificial Intelligence.  Due to the cyclic interconnections between the artificial neurons and of the activation functions, RNNs are nonlinear dynamical systems. From the point of view of the field of Dynamical Systems, a specific feature of RNNs is that their state space may consist of multiple equilibria, not necessary all stable. Thus, the usual local concepts of stability are not  sufficient for an adequate description. Accordingly, the analysis have to be done within both the framework of the Stability theory and the framework of Qualitative theory of systems with several equilibria. &#xd;
The presentation firstly focuses on the main structure and features of the human brain, that which have been taken into account for deriving the artificial simulators of its functions. The second part presents the basics for linear and nonlinear dynamical systems including the main concepts of stability – both for local equilibrium and for the global behavior of the system – as well as, the powerfull tool of Lyapunov-like methods used for systems’ analysis. In the third part, different models of RNNs are considered (Hopfield, competitive Cohen-Grossberg, Bidirectional Associative Memory, Cellular Neural Networks, K-Winner-Takes-All networks) and discussed within the framework of the Dynamical Systems.</subfield>
   </datafield>
   <datafield ind1="8" ind2=" " tag="024">
      <subfield code="a">http://hdl.handle.net/10630/8448</subfield>
   </datafield>
   <datafield tag="653" ind2=" " ind1=" ">
      <subfield code="a">Redes neuronales (Informática)</subfield>
   </datafield>
   <datafield ind2="0" ind1="0" tag="245">
      <subfield code="a">Neural networks as nonlinear dynamical systems</subfield>
   </datafield>
</record>
</metadata></record></GetRecord></OAI-PMH>